Frédéric Le Play (Record no. 67650)
[ view plain ]
| 000 -LEADER | |
|---|---|
| campo de control de longitud fija | 01055nam a2200289 i 4500 |
| 001 - NÚMERO DE CONTROL | |
| campo de control | 67650 |
| 003 - IDENTIFICADOR DE NÚMERO DE CONTROL | |
| campo de control | ES-MaACL |
| 005 - FECHA Y HORA DE LA ÚLTIMA TRANSACCIÓN | |
| campo de control | 20250905164148.0 |
| 007 - CAMPO FIJO DE DESCRIPCIÓN FÍSICA--INFORMACIÓN GENERAL | |
| campo de control de longitud fija | t| |
| 008 - DATOS DE LONGITUD FIJA--INFORMACIÓN GENERAL | |
| campo de control de longitud fija | 040609s2003 sp |||| |dspa d |
| 020 ## - NÚMERO INTERNACIONAL ESTÁNDAR DEL LIBRO | |
| Número Internacional Estándar del Libro | 84-7476-354-1 |
| 080 ## - NÚMERO DE LA CLASIFICACIÓN DECIMAL UNIVERSAL | |
| Número de la Clasificación Decimal Universal | 316.2 Le Play, Frédéric |
| 080 ## - NÚMERO DE LA CLASIFICACIÓN DECIMAL UNIVERSAL | |
| Número de la Clasificación Decimal Universal | 303 |
| 100 1# - ENTRADA PRINCIPAL--NOMBRE DE PERSONA | |
| Nombre de persona | Garrigós Monerris, José Ignacio. |
| 9 (RLIN) | 55759 |
| 245 10 - MENCIÓN DEL TÍTULO | |
| Título | Frédéric Le Play |
| Resto del título | : biografía intelectual, metodología e investigaciones sociológicas / |
| Mención de responsabilidad, etc. | José Ignacio Garrigós Monerris. |
| 250 ## - MENCION DE EDICION | |
| Mención de edición | 1ª ed. |
| 260 ## - PUBLICACIÓN, DISTRIBUCIÓN, ETC. | |
| Lugar de publicación, distribución, etc. | Madrid : |
| Nombre del editor, distribuidor, etc. | Centro de Investigaciones Sociológicas : |
| -- | Siglo XXI de España, |
| Fecha de publicación, distribución, etc. | 2003. |
| 300 ## - DESCRIPCIÓN FÍSICA | |
| Extensión | XVIII, 243 p : |
| Otras características físicas | 1 mapa ; |
| Dimensiones | 21 cm. |
| 490 1# - MENCIÓN DE SERIE | |
| Mención de serie | Colección "Monografías" ; |
| Designación de volumen o secuencia | n. 203 |
| 500 ## - NOTA GENERAL | |
| Nota general | Basado en la tesis del autor. |
| 504 ## - NOTA DE BIBLIOGRAFÍA, ETC. | |
| Nota de bibliografía, etc. | Bibliografía: p. [217]-243. |
| 600 04 - PUNTO DE ACCESO ADICIONAL DE MATERIA--NOMBRE DE PERSONA | |
| Nombre de persona | Le Play, Frédéric, |
| Fechas asociadas al nombre | 1806-1882 |
| 9 (RLIN) | 70910 |
| 650 14 - PUNTO DE ACCESO ADICIONAL DE MATERIA--TÉRMINO DE MATERIA | |
| Término de materia o nombre geográfico como elemento de entrada | Ciencias sociales- |
| Subdivisión general | Metodología |
| 9 (RLIN) | 10996 |
| 830 0# - PUNTO DE ACCESO ADICIONAL DE SERIE-TÍTULO UNIFORME | |
| Título uniforme | Colección "Monografías" ; |
| Designación de volumen o secuencia | n. 203 |
| 9 (RLIN) | 183203 |
| 852 ## - LOCALIZACIÓN | |
| Ubicación | ES-MaACL |
| Número de control de estantería | L-27878 |
| Estatus retirado | Estado de pérdida | Estado de daño | No para préstamo | Biblioteca de origen | Biblioteca actual | Ubicación en estantería | Fecha de adquisición | Fuente de adquisición | Total de préstamos | Signatura topográfica completa | Código de barras | Visto por última vez | Precio de reemplazo | Tipo de ítem Koha |
|---|---|---|---|---|---|---|---|---|---|---|---|---|---|---|
| Biblioteca del Ateneo de Madrid | Biblioteca del Ateneo de Madrid | Depósito 2 | 17/01/2008 | L-27878 | 1070831 | 23/02/2023 | 23/02/2023 | Libro impreso |
